[Event "Uljanovsk Sidorov Memorial"]
[Site "Uljanovsk"]
[Date "2015.07.11"]
[Round "7"]
[White "Rakhmatulaev, Konstantin"]
[Black "Logunov, Egor"]
[Result "1-0"]
[WhiteElo "1884"]
[BlackElo "1564"]
[PlyCount "73"]
[EventDate "2015.07.07"]
[EventType "swiss"]
[EventRounds "9"]
[EventCountry "RUS"]
[SourceTitle "EXT 2016"]
[Source "ChessBase"]
[SourceDate "2015.10.08"]
[SourceVersion "1"]
[SourceVersionDate "2015.10.08"]
[SourceQuality "1"]

1. d4 Nf6 2. c4 e6 3. a3 a5 4. Nc3 d5 5. e3 Be7 6. b3 0-0 7. Bd3 Nbd7 8. Nge2 b6 9. 0-0 Bb7 10. f3 c5 11. Kh1 cxd4 12. exd4 Qc7 13. Nb5 Qc8 14. Bf4 Bc6 15. a4 Bxb5 16. axb5 Bb4 17. Rc1 Qb7 18. Bb1 Rac8 19. Qd3 g6 20. Bh6 Rfe8 21. f4 Ne4 22. Rc2 Ndf6 23. Ng3 Qe7 24. Bg5 Nxg5 25. fxg5 Nd7 26. Rcf2 Rf8 27. h4 Bd6 28. Nh5 e5 29. Nf6+ Nxf6 30. gxf6 Qd7 31. Qe3 Rfe8 32. Qh6 Bf8 33. Qg5 exd4 34. h5 Kh8 35. hxg6 hxg6 36. Qh4+ Kg8 37. Bxg6 1-0

[Event "Uljanovsk Sidorov Memorial"]
[Site "Uljanovsk"]
[Date "2015.07.08"]
[Round "3"]
[White "Elkina, Yuliya"]
[Black "Rakhmatulaev, Konstantin"]
[Result "1/2-1/2"]
[WhiteElo "1628"]
[BlackElo "1884"]
[PlyCount "83"]
[EventDate "2015.07.07"]
[EventType "swiss"]
[EventRounds "9"]
[EventCountry "RUS"]
[SourceTitle "EXT 2016"]
[Source "ChessBase"]
[SourceDate "2015.10.08"]
[SourceVersion "1"]
[SourceVersionDate "2015.10.08"]
[SourceQuality "1"]

1. f4 g6 2. Nf3 Bg7 3. e3 d6 4. Nc3 f5 5. b3 Nd7 6. Bb2 e5 7. d3 exf4 8. exf4 Qe7+ 9. Qe2 c6 10. 0-0-0 Qxe2 11. Bxe2 Ngf6 12. Rhe1 0-0 13. Bf1 Nc5 14. g3 Bd7 15. Bg2 Rae8 16. Kd2 h6 17. Rxe8 Rxe8 18. Re1 Rxe1 19. Kxe1 Nd5 20. Kd2 Kf7 21. Nd1 Ne6 22. Bxg7 Kxg7 23. c4 Ndc7 24. d4 Kf6 25. Nc3 g5 26. Ke3 g4 27. Ne1 Nf8 28. h4 Be8 29. Nd3 Ng6 30. c5 Ke6 31. b4 Ne7 32. cxd6 Kxd6 33. Ne5 Ned5+ 34. Nxd5 cxd5 35. Bf1 a6 36. Bd3 Ke6 37. Be2 h5 38. Bd3 b5 39. Bc2 Na8 40. Nd3 Nc7 41. Nc5+ Kf6 42. Bd1 1/2-1/2

[Event "Uljanovsk Sidorov Memorial"]
[Site "Uljanovsk"]
[Date "2015.07.07"]
[Round "1"]
[White "Rakhmatulaev, Konstantin"]
[Black "Safina, Diana"]
[Result "1-0"]
[WhiteElo "1884"]
[BlackElo "1431"]
[PlyCount "81"]
[EventDate "2015.07.07"]
[EventType "swiss"]
[EventRounds "9"]
[EventCountry "RUS"]
[SourceTitle "EXT 2016"]
[Source "ChessBase"]
[SourceDate "2015.10.08"]
[SourceVersion "1"]
[SourceVersionDate "2015.10.08"]
[SourceQuality "1"]

1. d4 d5 2. Nf3 Nf6 3. g3 Nc6 4. Bg2 Bg4 5. Ne5 Bd7 6. 0-0 e6 7. c4 Bd6 8. Nxd7 Qxd7 9. cxd5 exd5 10. Nc3 Be7 11. a3 0-0 12. Bf4 Na5 13. Qd3 c6 14. b4 Nc4 15. e4 Nb6 16. e5 Ne8 17. Bc1 Nc7 18. f4 f6 19. h4 g6 20. f5 fxe5 21. dxe5 Rxf5 22. Bh3 Rxf1+ 23. Qxf1 Qe8 24. Bf4 Bd8 25. e6 Bf6 26. Qd3 Qe7 27. Re1 Re8 28. Nd1 d4 29. Nf2 Nbd5 30. Bc1 Qg7 31. Ne4 Be5 32. Nc5 b6 33. Nd7 Bf6 34. Bb2 Qe7 35. Bxd4 Bxd4+ 36. Qxd4 Qd6 37. Qe5 Qxe5 38. Nxe5 Nxe6 39. Nxc6 Nec7 40. Rxe8+ Nxe8 41. Be6+ 1-0

[Event "Uljanovsk Sidorov Memorial"]
[Site "Uljanovsk"]
[Date "2013.07.13"]
[Round "6"]
[White "Rakhmatulaev, Konstantin"]
[Black "Peruhin, Anatoliy"]
[Result "1-0"]
[WhiteElo "1952"]
[BlackElo "1616"]
[PlyCount "87"]
[EventDate "2013.07.11"]
[EventType "swiss"]
[EventRounds "9"]
[EventCountry "RUS"]
[SourceTitle "EXT 2014"]
[Source "ChessBase"]
[SourceDate "2013.11.20"]
[SourceVersion "1"]
[SourceVersionDate "2013.11.20"]
[SourceQuality "1"]

1. d4 Nf6 2. c4 g6 3. Nc3 Bg7 4. e4 d6 5. f3 Nc6 6. Be3 a6 7. Qd2 h5 8. Nge2 Bd7 9. h3 Na7 10. Nc1 c6 11. a4 Qa5 12. Nd3 Qc7 13. a5 e5 14. d5 Nc8 15. b4 cxd5 16. cxd5 0-0 17. Rc1 Qd8 18. h4 Nh7 19. g3 b5 20. Nf2 f5 21. Be2 Ne7 22. Nh3 fxe4 23. fxe4 Bxh3 24. Rxh3 Qd7 25. Rh1 Rac8 26. Bf1 Nf6 27. Bh3 Ng4 28. Qe2 Rc4 29. Kd2 Rxb4 30. Nd1 Qd8 31. Bb6 Qa8 32. Bxg4 hxg4 33. Qxg4 Bh6+ 34. Be3 Bxe3+ 35. Nxe3 Rb2+ 36. Kc3 Rbf2 37. Qe6+ R8f7 38. Ng4 R2f3+ 39. Kb2 Kg7 40. Qxd6 Qa7 41. Qxe5+ Kf8 42. Qh8+ Ng8 43. Rc8+ Ke7 44. Qe5+ 1-0

[Event "Moscow op-B"]
[Site "Moscow"]
[Date "2010.02.07"]
[Round "9.87"]
[White "Rakhmatulaev, Konstantin"]
[Black "Lagashin, Pavel"]
[Result "0-1"]
[WhiteElo "1988"]
[BlackElo "2163"]
[PlyCount "54"]
[EventDate "2010.01.30"]
[EventType "swiss"]
[EventRounds "9"]
[EventCountry "RUS"]
[SourceTitle "EXT 2023"]
[Source "ChessBase"]
[SourceDate "2022.10.05"]
[SourceVersion "1"]
[SourceVersionDate "2022.10.05"]
[SourceQuality "1"]

1. d4 Nf6 2. c4 e6 3. g3 Bb4+ 4. Bd2 Bxd2+ 5. Nxd2 0-0 6. e4 c5 7. e5 Ne8 8. d5 d6 9. dxe6 Bxe6 10. Bg2 Qe7 11. Qe2 dxe5 12. Qxe5 Nd7 13. Qe2 Nd6 14. Bd5 Qf6 15. 0-0-0 Bf5 16. g4 Rfe8 17. Qf3 Ne5 18. Ne4 Nxe4 19. Qxf5 Qxf5 20. gxf5 Nxf2 21. Nf3 Nxh1 22. Rxh1 Nd3+ 23. Kd2 Nb4 24. Bxb7 Rad8+ 25. Kc1 Nd3+ 26. Kc2 Re2+ 27. Kc3 Nf2 0-1

[Event "Moscow op-B"]
[Site "Moscow"]
[Date "2009.02.07"]
[Round "8"]
[White "Rakhmatulaev, Konstantin"]
[Black "Nefedov, Sergey Anatolievich"]
[Result "0-1"]
[WhiteElo "2002"]
[BlackElo "2166"]
[PlyCount "60"]
[EventDate "2009.01.31"]
[EventType "swiss"]
[EventRounds "9"]
[EventCountry "RUS"]
[SourceTitle "EXT 2012"]
[Source "ChessBase"]
[SourceDate "2011.11.24"]
[SourceVersion "1"]
[SourceVersionDate "2011.11.24"]
[SourceQuality "1"]

1. d4 Nf6 2. c4 g6 3. Nc3 Bg7 4. e4 d6 5. f3 0-0 6. Be3 e5 7. d5 Nh5 8. Qd2 f5 9. Bg5 Qe8 10. Bh6 Nd7 11. Be2 Nc5 12. b4 Na4 13. Bxg7 Kxg7 14. Nb5 Qd8 15. Bd1 a6 16. Nxd6 cxd6 17. Bxa4 fxe4 18. 0-0-0 exf3 19. Nxf3 Bg4 20. Rdf1 Bxf3 21. Rxf3 Rxf3 22. gxf3 Rc8 23. c5 dxc5 24. b5 Qh4 25. Bc2 axb5 26. Re1 Qf4 27. Qxf4 Nxf4 28. Rxe5 Kf6 29. Re3 Nxd5 30. Rb3 b4 0-1